History Quiz

Random History or French Quiz
Score 0/72 Timer 10:00
0 Plays Today
Years in Empire Modern Country % Correct
1797-1990Germany
88.9%
1756-1813Spain
88.7%
843-PresentFrance
88.4%
1396-1866Italy
87%
1562-1803United States
86%
1542-1783Canada
85.9%
1703-1814Belgium
81.9%
1912-1956Morocco
78.5%
1807-1810Portugal
77.5%
1830-1962Algeria
76.9%
1625-1813Netherlands
76.7%
1793-1814Switzerland
76.2%
1798-1801Egypt
75.4%
1945-1955Austria
75.1%
1863-1867Mexico
72.1%
1858-1954Vietnam
71.3%
1792-1814Luxembourg
70%
1849-1946China
69.5%
1633-1804Haiti
69.1%
1881-1963Tunisia
68%
1673-1954India
67.5%
1807-1813Poland
67.4%
1943-1951Libya
67.3%
1900-1960Niger
67.1%
1843-1960Cote d'Ivoire
65.9%
1812-1813Andorra
64.5%
1900-1960Chad
63.7%
1893-1946Laos
63.3%
1797-1921Greece
62.1%
1793-1814Monaco
62%
1863-1953Cambodia
61.5%
1880-1960Mali
60.8%
1918-1939Turkey
60.5%
1555-1737Brazil
60.4%
1880-1960Republic of the Congo
58.9%
1892-1893Nigeria
58.7%
Years in Empire Modern Country % Correct
1626-1960Senegal
57.6%
1849-1958Guinea
57.5%
1782-1784Guyana
54.6%
1914-1960Togo
54.5%
1810-1811Indonesia
54.4%
1642-1960Madagascar
53.5%
1627-1784Dominica
53.4%
1914-1960Cameroon
53.2%
1893-1906Thailand
52.8%
1678-1960Mauritania
50.8%
1801-1809Dominican Republic
50.1%
1920-1946Syria
49.7%
1671-1960Benin
49%
1892-1960Central African Republic
48.7%
1798-1800Malta
47.7%
1918-1946Lebanon
46.4%
1798-1814Vatican
44.8%
1839-1976Gabon
43.6%
1808-1813Slovenia
42.9%
1681-1857The Gambia
42.7%
1808-1813Croatia
42.7%
1895-1960Burkina Faso
41.9%
1770-1810Seychelles
41.4%
1691-1810Mauritius
39.5%
1782-1784Sri Lanka
37.9%
1862-1977Djibouti
37.4%
1650-1803St Lucia
37.3%
1628-1784St Kitts and Nevis
37.1%
1666-1803Trinidad and Tobago
36.1%
1886-1975Comoros
35.1%
1779-1783St Vincent and the Grenadines
35.1%
1650-1783Grenada
32.5%
1884-1885Taiwan
30%
1807-1813Montenegro
25.7%
1709São Tomé and Principe
24.9%
1887-1980Vanuatu
23%
Remove Ads.
Support Sporcle.
Get the best of Sporcle when you Go Orange. This ad-free experience offers more features, more stats, and more fun while also helping to support Sporcle. Thank you for becoming a member.

You're not logged in!

Compare scores with friends on all Sporcle quizzes.
OR
Log In

Sporcle TV

Today on Sporcle TV


Watch our educational content, quiz creation guides, and fun videos on Sporcle TV.

Show Comments

Extras

Top Quizzes Today


Score Distribution

Paid Content

Your Account Isn't Verified!

In order to create a playlist on Sporcle, you need to verify the email address you used during registration. Go to your Sporcle Settings to finish the process.

Report this User

Report this user for behavior that violates our Community Guidelines.

Details: